| 000 | 00531cam a2200217ua 4500 | ||
|---|---|---|---|
| 020 | _c40.00 | ||
| 041 |
_aeng _h |
||
| 082 |
_a627.52 _bPUN/IN |
||
| 100 | _aPumia, B C . | ||
| 245 |
_aIntroductory irrigation engineering / _cB C Pumia. _hTextual Documents |
||
| 250 |
_a3 / _b. |
||
| 260 |
_aNew Delhi : _bStandard publishers Distributors , _c1985. |
||
| 300 | _a616 ; . | ||
| 365 | _a40.00 | ||
| 500 | _a*CSS | ||
| 504 | _a | ||
| 942 | _cBK | ||
| 999 |
_c9423 _d9423 |
||